Gen 5 Pokemon theme song Quiz Stats

Quiz not verified by Sporcle

Challenge
Share
Tweet
Embed
Score 0/60 Timer 04:00
0 Plays Today
Answer % Correct
The
91.8%
The
91.8%
And
91.8%
The
91.8%
The
91.8%
You
90.2%
You
90.2%
You
90.2%
To
85.2%
To
85.2%
Pokemon
85.2%
It's
83.6%
It's
83.6%
It's
83.6%
It's
83.6%
Your
82%
Your
82%
Journey
80.3%
Black
80.3%
White
80.3%
Journey
80.3%
Begin
80.3%
Always
78.7%
When
78.7%
Not
78.7%
Always
78.7%
Always
78.7%
Not
78.7%
Hard
77%
Hard
77%
Answer % Correct
Hard
77%
But
77%
But
77%
Friends
75.4%
Power
75.4%
Heart
75.4%
Make
73.8%
New
73.8%
Do
73.8%
Got
73.8%
Inside
73.8%
Of
73.8%
Win
73.8%
Or
73.8%
Lose
73.8%
Right
72.1%
Choose
72.1%
Find
70.5%
Way
70.5%
What
70.5%
Path
70.5%
Begins
68.9%
Knows
68.9%
There's
67.2%
Nothing
67.2%
'Cause
65.6%
About
65.6%
Can't
63.9%
You've
62.3%
Let
59%

You're not logged in!

Compare scores with friends on all Sporcle quizzes.
Sign Up with Email
OR
Log In

You Might Also Like...

Show Comments

Extras

Top Quizzes Today


Score Distribution

Your Account Isn't Verified!

In order to create a playlist on Sporcle, you need to verify the email address you used during registration. Go to your Sporcle Settings to finish the process.